000 00727nam a2200241Ia 4500
003 OSt
005 20220923224404.0
006 a|||||r|||| 00| 0
007 ta
008 Pun
024 _a231,898
037 _cTextual
040 _aARTS
_cARTS
_bPun
041 _2Pun
_aPun
082 _aO153:g(Y:351), N1
100 _aਰੁਪਿੰਦਰ ਕੌਰ
245 0 _aਲੋਕ ਗਾਥਾ ਦਾ ਮਾਨਵ ਵਿਗਿਆਨ
260 _aਅੰਮ੍ਰਿਤਸਰ
_b ਅਲਕਾ ਸਾਹਿਤ ਸਦਨ
_c1991
300 _a75ਪੰ
_ccm.
650 _aਪੰਜਾਬੀ ਸਾਹਿਤ
942 _hO153:g(Y:351), N1
_cTEXL
_2CC
999 _c371106
_d371106